[Event "BL2-N9192"]
[Site "Germany"]
[Date "1992.??.??"]
[Round "?"]
[White "Lieb, Harald"]
[Black "Postler, Reinhard"]
[Result "0-1"]
[WhiteElo "2295"]
[BlackElo "2340"]

1.d4 Nf6 2.c4 e6 3.Nf3 c5 4.d5 exd5 5.cxd5 d6 6.Nc3 g6 7.e4 Bg7 8.Bd3 Bg4
9.Qa4+ Bd7 10.Qb3 Na6 11.O-O O-O 12.Bf4 Bg4 13.Nd2 Nh5 14.Be3 Nc7 15.h3 Bd7
16.a4 Rb8 17.Be2 Qf6 18.Bxh5 gxh5 19.f4 b5 20.axb5 Nxb5 21.Nxb5 Rxb5 22.Qd1 Rxb2
23.Re1 Bb5 24.Rxa7 Qc3 25.Nf3 Bd3 26.Bc1 Rb1 27.e5 dxe5 28.fxe5 c4 29.Ra3 Qb4
30.Qd2 Qc5+ 31.Kh1 Qxd5 32.Ra5 Qe6 33.Qg5 Qg6 34.Qd2 Re8 35.Bb2 Rxe1+ 36.Qxe1 Rb8
37.Bc1 Be4 38.Rc5 Bxf3 39.gxf3 Qd3 40.Qe3 Rd8 41.Kg2 Qc2+ 42.Kg3 Kh8 43.Kh4 Rg8
44.Qd2 Qf5 45.Qf4 Bf6+ 46.exf6 Qxc5 47.Be3 Qd5 48.Bd4 Rd8 49.Be5 Qd3 50.Qg5 Rg8
51.Qxh5 c3 52.Qxf7 Qxf3 53.Qb7 Qf2+  0-1

[Event "Giessen op"]
[Site "Giessen"]
[Date "1992.??.??"]
[Round "?"]
[White "Farago, Ivan"]
[Black "Lisanti, Andre"]
[Result "1-0"]
[WhiteElo "2520"]
[BlackElo "2245"]

1.d4 Nf6 2.c4 c5 3.d5 e6 4.Nc3 exd5 5.cxd5 d6 6.Nf3 g6 7.Nd2 Nbd7 8.e4 Bg7
9.Be2 O-O 10.O-O a6 11.a4 Re8 12.f4 Rb8 13.Kh1 Qc7 14.h3 Nb6 15.a5 Nbd7 16.e5 dxe5
17.Nc4 e4 18.f5 Qd8 19.Bf4 Ra8 20.d6 gxf5 21.Bg5 Ne5 22.Nb6 Rb8 23.Nbd5 Be6
24.Nxf6+ Bxf6 25.Bxf6 Qxf6 26.Nxe4 Qg7 27.Nxc5 Bc4 28.Rxf5 Bxe2 29.Qxe2 Nc6
30.Qd2 Kh8 31.Raf1  1-0

[Event "Groningen op"]
[Site "Groningen"]
[Date "1992.??.??"]
[Round "4"]
[White "Shneider, Aleksandr"]
[Black "Ciemniak, Robert"]
[Result "1/2-1/2"]
[WhiteElo "2545"]
[BlackElo "2415"]

1.d4 Nf6 2.c4 c5 3.d5 e6 4.Nc3 exd5 5.cxd5 d6 6.Nf3 g6 7.Nd2 Bg7 8.e4 O-O
9.Be2 Na6 10.O-O Nc7 11.a4 b6 12.Kh1 Rb8 13.Nc4 Ba6 14.Bg5 h6 15.Bh4 Bxc4
16.Bxc4 a6 17.Bd3 Qd7 18.f4 Rfe8 19.Bc2 Nh7 20.e5 dxe5 21.d6 Ne6 22.f5 Nf4
23.fxg6 fxg6 24.Be7 Nf6 25.g3 N4h5 26.Qf3 Kh7 27.Ne4 Rxe7 28.dxe7 Qxe7 29.Rad1 c4
30.Nd6 e4 31.Nxe4 Nxe4 32.Bxe4 Rf8 33.Qg2 Nf6 34.Bf3 Re8 35.Qc2 b5 36.axb5 axb5  1/2-1/2

[Event "Hamburg-ch"]
[Site "Hamburg"]
[Date "1992.??.??"]
[Round "8"]
[White "Mowsziszian, Karen"]
[Black "Voigt, Martin"]
[Result "1-0"]
[WhiteElo "2440"]
[BlackElo "2280"]

1.d4 Nf6 2.c4 c5 3.d5 e6 4.Nc3 exd5 5.cxd5 d6 6.Nf3 g6 7.h3 Bg7 8.e4 O-O
9.Bd3 b5 10.Nxb5 Nxe4 11.Bxe4 Qa5+ 12.Nc3 Ba6 13.Bd2 Re8 14.Ng5 Nd7 15.f4 Rab8
16.Qc2 f5 17.Ne6 fxe4 18.Nxe4 Qb5 19.Bc3 Qc4 20.O-O-O Bh6 21.g3 Rb6 22.a3 Qe2
23.Rhe1 Qf3 24.N6g5 Bxg5 25.Nxg5 Rxe1 26.Nxf3  1-0

[Event "Hamburg op"]
[Site "Hamburg"]
[Date "1992.??.??"]
[Round "9"]
[White "Mowsziszian, Karen"]
[Black "Von Herman, Ulf"]
[Result "1-0"]
[WhiteElo "2435"]
[BlackElo "2270"]

1.d4 Nf6 2.c4 c5 3.d5 e6 4.Nc3 exd5 5.cxd5 d6 6.Nf3 g6 7.h3 Bg7 8.e4 O-O
9.Bd3 Re8 10.O-O a6 11.a4 Nbd7 12.Bf4 Qe7 13.Re1 Nh5 14.Bh2 Ne5 15.Be2 Rb8
16.Nxe5 Bxe5 17.Bxh5 Bxh2+ 18.Kxh2 Qe5+ 19.g3 Qxh5 20.Qxh5 gxh5 21.e5 Rxe5
22.Rxe5 dxe5 23.Re1 f6 24.f4 exf4 25.Re8+ Kf7 26.Rh8 f3 27.Kg1 f5 28.d6  1-0

[Event "HUN-chT"]
[Site "HUN"]
[Date "1992.??.??"]
[Round "?"]
[White "Farago, Sandor"]
[Black "Barczay, Laszlo"]
[Result "0-1"]
[WhiteElo "2385"]
[BlackElo "2350"]

1.d4 Nf6 2.c4 e6 3.Nf3 c5 4.d5 exd5 5.cxd5 d6 6.Nc3 g6 7.e4 Bg7 8.h3 O-O
9.Bd3 a6 10.a4 Nbd7 11.O-O Ne8 12.Bg5 f6 13.Be3 b6 14.Qd2 Ra7 15.Rab1 Rc7
16.b4 f5 17.Bg5 Bf6 18.Bxf6 Qxf6 19.exf5 gxf5 20.bxc5 Nxc5 21.Rfc1 Rg7 22.Rxb6 f4
23.Kh2 Qh6 24.Bf1 Nf6 25.Rb2 Bf5 26.Ne1 Ng4+ 27.Kh1 Ne5 28.Rb4 Bxh3 29.gxh3 Qg6
30.Bg2 f3 31.Nd1 Qxg2+  0-1

[Event "HUN-chT"]
[Site "HUN"]
[Date "1992.??.??"]
[Round "?"]
[White "Karolyi, Tibor Jr"]
[Black "Petran, Pal"]
[Result "1/2-1/2"]
[WhiteElo "2365"]
[BlackElo "2470"]

1.d4 Nf6 2.c4 e6 3.Nf3 c5 4.d5 exd5 5.cxd5 d6 6.Nc3 g6 7.Nd2 Bg7 8.e4 O-O
9.Be2 Nbd7 10.O-O Re8 11.a4 Ne5 12.Re1 g5 13.a5 a6 14.Nf1 h6  1/2-1/2

[Event "HUN-chT"]
[Site "HUN"]
[Date "1992.??.??"]
[Round "?"]
[White "Kormanyos, Zoltan"]
[Black "Madl, Ildiko"]
[Result "1/2-1/2"]
[WhiteElo "2315"]
[BlackElo "2375"]

1.d4 Nf6 2.c4 e6 3.Nf3 c5 4.d5 exd5 5.cxd5 d6 6.Nc3 g6 7.Nd2 Bg7 8.e4 O-O
9.Be2 Ne8 10.O-O f5 11.exf5 Bxf5 12.Nde4 Na6 13.Bg5 Nf6 14.Ng3 Nc7 15.Nxf5 gxf5
16.Qc2 Qd7 17.Rae1 Kh8 18.Qb3 Rab8 19.Bb5 Qf7 20.Bf4 Rbd8 21.Bd3 b6  1/2-1/2

[Event "HUN-chT"]
[Site "HUN"]
[Date "1992.??.??"]
[Round "?"]
[White "Salanki, Endre"]
[Black "Borsi, Imre"]
[Result "0-1"]
[WhiteElo "2280"]
[BlackElo "2215"]

1.d4 Nf6 2.c4 e6 3.Nf3 c5 4.d5 exd5 5.cxd5 d6 6.Nc3 g6 7.h3 Bg7 8.a4 O-O
9.g4 Re8 10.Nd2 Na6 11.Bg2 h5 12.g5 Nd7 13.f4 Nb4 14.Nde4 Nb6 15.O-O Bf5
16.a5 N6xd5 17.Nxd5 Bxe4 18.Nxb4 cxb4 19.Ra4 Qc7 20.Qd2 Bxg2 21.Kxg2 Qc6+  0-1

[Event "Katowice op"]
[Site "Katowice"]
[Date "1992.??.??"]
[Round "5"]
[White "Dydyshko, Viacheslav"]
[Black "Kopjonkin, Gennady"]
[Result "1-0"]
[WhiteElo "2500"]
[BlackElo "2300"]

1.d4 Nf6 2.c4 c5 3.d5 e6 4.Nc3 exd5 5.cxd5 d6 6.Nf3 g6 7.Nd2 Nbd7 8.e4 Bg7
9.Be2 O-O 10.O-O Re8 11.Qc2 Nb6 12.Qb3 Bg4 13.Bb5 Bd7 14.a4 Rb8 15.Be2 a6
16.Re1 Qc7 17.Qc2 Nc8 18.b3 b5 19.Bb2 bxa4 20.Nxa4 Bb5 21.Nc3 Na7 22.Nxb5 axb5
23.b4 c4 24.Bd4 Nc8 25.Bf3 Nd7 26.Bxg7 Kxg7 27.Qc3+ Ne5 28.Be2 Qb6 29.Kf1 f6
30.f4 Nf7 31.Bg4 Ne7 32.Nf3 Ra8 33.Nd4 Nh6 34.Bd7 Reb8 35.Bxb5 Nhf5 36.exf5 Nxd5
37.Qxc4 Rxa1 38.Qxd5 Rxe1+ 39.Kxe1 Qa7 40.fxg6 hxg6 41.Qxd6 Rb7 42.Kf1 Qa2
43.Ne6+ Kh7 44.Bd3 Ra7 45.Qd4 Qa4 46.Kf2 Rf7 47.Qd5 Kh6 48.Qe4 Qa7+ 49.Kg3 f5
50.Qe5 Qa8 51.Kh4 Re7 52.Bxf5 Qc8 53.Qf6  1-0

[Event "Katowice op"]
[Site "Katowice"]
[Date "1992.??.??"]
[Round "7"]
[White "Jukic, Mirko"]
[Black "Kopjonkin, Gennady"]
[Result "1/2-1/2"]
[WhiteElo "2455"]
[BlackElo "2300"]

1.d4 Nf6 2.Nf3 c5 3.d5 e6 4.c4 exd5 5.cxd5 d6 6.Nc3 g6 7.g3 Bg7 8.Bg2 O-O
9.O-O Re8 10.a4 a6 11.Bf4 Qe7 12.h3 Nbd7 13.e4 Nh5 14.Bg5 Qf8 15.g4 Kh8 16.Re1  1/2-1/2

[Event "Le Touquet op"]
[Site "Le Touquet"]
[Date "1992.??.??"]
[Round "?"]
[White "Lacrosse, Marc"]
[Black "Emms, John M"]
[Result "1/2-1/2"]
[WhiteElo "2275"]
[BlackElo "2455"]

1.d4 Nf6 2.c4 e6 3.Nf3 c5 4.d5 d6 5.Nc3 exd5 6.cxd5 g6 7.g3 Bg7 8.Bg2 O-O
9.O-O Na6 10.h3 Re8 11.Nd2 Nc7 12.a4 b6 13.e4 Qe7 14.Re1 Nfxd5 15.Nxd5 Nxd5
16.e5 Nc7 17.Bxa8 Nxa8 18.Nc4 dxe5 19.Nd6 Rd8 20.Nxc8 Rxc8 21.Ra3 Nc7 22.Rd3 Ne6
23.Be3 Rc7 24.Qd2 e4 25.Rd5 Nd4 26.Bxd4 Bxd4 27.Qf4 f5 28.g4 Rd7 29.Rxd7 Qxd7
30.gxf5 Qxf5 31.Qxf5 gxf5 32.b3 Kf7 33.Kf1 a6 34.Ke2 b5 35.axb5 axb5 36.Rd1 b4
37.f3 Ke6 38.fxe4 fxe4 39.Rf1 c4 40.bxc4 b3 41.Rf8 b2 42.Rb8 Ke5 43.Rb5+ Kf4
44.c5 Ke5 45.c6+ Kd6 46.c7 Kxc7 47.Rxb2 Bxb2 48.Ke3 Kd6 49.Kxe4 Ke6  1/2-1/2

[Event "Leon"]
[Site "Leon"]
[Date "1992.??.??"]
[Round "8"]
[White "Garcia Ilundain, David"]
[Black "Franco Ocampo, Zenon"]
[Result "1-0"]
[WhiteElo "2420"]
[BlackElo "2520"]

1.d4 Nf6 2.c4 e6 3.Nf3 c5 4.d5 d6 5.Nc3 exd5 6.cxd5 g6 7.h3 a6 8.a4 Qe7 9.Bg5 Bg7
10.e3 h6 11.Bh4 O-O 12.Be2 g5 13.Bg3 Bf5 14.Nd2 Nbd7 15.Nc4 Ne8 16.Bg4 Bxg4
17.hxg4 Rb8 18.Qe2 b5 19.axb5 axb5 20.Na5 Bxc3+ 21.bxc3 Qf6 22.O-O Qxc3 23.Nc6 Rb7
24.Rac1 Qf6 25.f4 Nb8 26.fxg5 Qxg5 27.Rf5 Qg6 28.Rcf1 Nxc6 29.dxc6 Rb6 30.Bh4 Rxc6
31.Be7 Rb6 32.Bxf8 Kxf8 33.Qf3 f6 34.Qa8 d5 35.Qxd5 Kg7 36.Qxc5 Re6 37.Ra1 Qxg4
38.Ra7+ Kg8 39.Qd5  1-0

[Event "Ljubljana op"]
[Site "Ljubljana"]
[Date "1992.??.??"]
[Round "8"]
[White "Vospernik, Mira"]
[Black "Mohr, Georg"]
[Result "0-1"]
[WhiteElo "2135"]
[BlackElo "2440"]

1.d4 Nf6 2.Nf3 c5 3.d5 d6 4.c4 e6 5.Nc3 exd5 6.cxd5 g6 7.e4 Bg7 8.Be2 O-O
9.O-O Re8 10.Qc2 a6 11.a4 Qe7 12.Nd2 Nbd7 13.f4 h6 14.Bf3 g5 15.Nc4 g4 16.Bd1 Rb8
17.a5 b5 18.axb6 Nxb6 19.Nxb6 Rxb6 20.Re1 Bf5 21.Ra4 Rb4 22.Qe2 Nxe4 23.Rxb4 cxb4
24.Nxe4 Qxe4 25.Qxe4 Rxe4 26.Rxe4 Bxe4 27.Bxg4 Bxd5 28.Be2 a5 29.Bb5 Kf8
30.g4 Ke7 31.Kf2 Bb3 32.Ke2 Ke6 33.h4 Kd5 34.Kd3 a4 35.Ba6 Kc5 36.g5 hxg5
37.fxg5 Be6 38.Be3+ Kc6 39.Bd4 Bf5+ 40.Ke3 Bxd4+ 41.Kxd4 Bg4 42.Bd3 Bh5 43.Kc4 a3
44.bxa3 bxa3 45.Kb3 Kc5 46.Kxa3 d5 47.Kb2 Kd4 48.Kc2 Ke3 49.Kc3 d4+ 50.Kc4 Bg4
51.Bc2 Be2+ 52.Kd5 d3 53.Ba4 d2  0-1

[Event "Madrid-B"]
[Site "Madrid"]
[Date "1992.??.??"]
[Round "3"]
[White "Bass, Leonid"]
[Black "Izeta Txabarri, Felix"]
[Result "1/2-1/2"]
[WhiteElo "2495"]
[BlackElo "2445"]

1.d4 Nf6 2.c4 e6 3.Nf3 c5 4.d5 d6 5.Nc3 exd5 6.cxd5 g6 7.e4 Bg7 8.Nd2 O-O
9.Be2 Na6 10.O-O Nc7 11.a4 b6 12.Nc4 Ba6 13.Bg5 h6 14.Bd2 Re8 15.f3 Qd7 16.b3 Kh7
17.Kh1 Ng8 18.Bd3 Ne7 19.Rc1 f5 20.Ne2 fxe4 21.fxe4 Rf8 22.Bf4 Bxc4 23.bxc4 Rf7
24.Bg3 Rxf1+ 25.Qxf1 Rf8 26.Qe1 Nc8 27.a5 Qe7 28.Ng1 bxa5 29.Qxa5 Na8 30.Nf3 Nab6
31.h3 Nd7 32.Rb1 Ne5 33.Be2 Nxf3 34.Bxf3 Nb6 35.Qa2 Rf7 36.e5 Bxe5 37.Re1 Bxg3
38.Rxe7 Rxe7 39.Be2 h5 40.Kg1 h4 41.Kf1 Nc8 42.Qa6 Nb6 43.Qa1 Kg8 44.Qb1 Kf7
45.Qa1 Kg8 46.Qb1 Kh7 47.Qa1 Rf7+ 48.Bf3 Nxc4 49.Ke2 Re7+ 50.Kd3 Ne5+ 51.Kc2 Rf7
52.Qa6 Kh6 53.Be2 Rf2 54.Kd1 c4 55.Qxd6 Rxg2 56.Qc5 Bf4 57.Bxc4 Rd2+ 58.Ke1 Nf3+
59.Kf1 Nh2+ 60.Ke1 Nf3+ 61.Kf1 Nd4 62.Qf8+ Kg5 63.Qe7+ Kh5 64.Qh7+ Kg5 65.Qe7+ Kh5
66.Qh7+ Bh6 67.Qe7 Rd1+ 68.Kg2 Rd2+ 69.Kf1 Rd1+ 70.Kg2 Rd2+ 71.Kf1 Rd1+ 72.Kg2  1/2-1/2

[Event "Balkaniad"]
[Site "Mangalia"]
[Date "1992.??.??"]
[Round "1"]
[White "Atalik, Suat"]
[Black "Ionescu, Constantin"]
[Result "1/2-1/2"]
[WhiteElo "2455"]
[BlackElo "2465"]

1.d4 Nf6 2.c4 e6 3.Nf3 c5 4.d5 d6 5.Nc3 exd5 6.cxd5 g6 7.h3 a6 8.a4 Qe7 9.g3 Bg7
10.Bg2 Ne4 11.Nxe4 Qxe4 12.O-O O-O 13.Nd2 Qe7 14.Nc4 Nd7 15.Bf4 Ne5 16.Nb6 Rb8
17.Qd2 Qc7 18.a5 Bd7 19.Rac1 Bb5 20.Rfe1 Nd7 21.Nxd7 Qxd7 22.Bh6 Bxh6 23.Qxh6 f5
24.e4 Rbe8 25.exf5 Qxf5 26.Qd2 Qd3  1/2-1/2

[Event "Balkaniad"]
[Site "Mangalia"]
[Date "1992.??.??"]
[Round "1"]
[White "Grigore, George"]
[Black "Erdogan, Hakan"]
[Result "1-0"]
[WhiteElo "2430"]
[BlackElo "2325"]

1.d4 Nf6 2.c4 e6 3.Nc3 c5 4.d5 exd5 5.cxd5 d6 6.Nf3 g6 7.Bf4 Bg7 8.Qa4+ Bd7
9.Qb3 b5 10.Bxd6 Qb6 11.Be5 O-O 12.e3 b4 13.Nb1 Bf5 14.Nbd2 Nbd7 15.Bg3 a5
16.Nh4 Be4 17.d6 a4 18.Qd1 Bc6 19.Be2 a3 20.b3 Nd5 21.Nc4 Bc3+ 22.Kf1 Qd8
23.Rc1 Bf6 24.Nf3 Nc3 25.Qd2 Nxe2 26.Kxe2 Bb5 27.Qd3 Nb6 28.Nfd2 h5 29.h3 h4
30.Bf4 Bc6 31.Nxb6 Qxb6 32.Nc4 Qd8 33.f3 Re8 34.Rhd1 Bg5 35.Bxg5 Qxg5 36.Kf1 Rad8
37.e4 Bb5 38.Qd5 Re5 39.Qb7 Bxc4+ 40.Rxc4 Qf6 41.Qc7 g5 42.Rxc5 Rxc5 43.Qxc5 g4
44.e5 Qe6 45.hxg4 h3 46.Qe3 h2 47.Qg5+ Kh7 48.Kf2 f6 49.exf6 Qf7 50.Rh1 Qa7+
51.Kg3  1-0

[Event "Manila ol (Men)"]
[Site "Manila"]
[Date "1992.??.??"]
[Round "?"]
[White "Hjartarson, Johann"]
[Black "Suba, Mihai"]
[Result "1/2-1/2"]
[WhiteElo "2580"]
[BlackElo "2520"]

1.d4 Nf6 2.c4 e6 3.Nf3 c5 4.d5 d6 5.Nc3 exd5 6.cxd5 g6 7.Bf4 a6 8.a4 Bg7
9.e4 Bg4 10.Be2 Bxf3 11.Bxf3 O-O 12.O-O Qe7 13.Re1 Nbd7 14.a5 Rfe8 15.Qd2 h5
16.h3 Nh7 17.Ra3 Qf6 18.Na4 g5 19.Bh2 Qg6 20.Bd1 Bd4 21.Bc2 Ne5 22.Nb6 Rad8
23.Ba4 Re7 24.Kh1 g4 25.f4 gxf3 26.gxf3 Ng5 27.Qg2 Kh8 28.f4 Nxe4 29.Rxe4 Ng4
30.Rxd4 cxd4 31.hxg4 hxg4 32.Ra1 d3 33.Rg1 Rg8 34.Bd1 f5 35.Qd2 Rh7 36.Qc3+ Rgg7
37.Qc8+ Rg8 38.Qc3+ Rgg7 39.Rg3 Qh6 40.Qc8+ Rg8 41.Qc3+ Rgg7 42.Qc8+ Rg8
43.Qc3+ Rgg7  1/2-1/2

[Event "Manila ol (Men)"]
[Site "Manila"]
[Date "1992.??.??"]
[Round "?"]
[White "Garcia, Raul"]
[Black "Mascarinas, Rico"]
[Result "1-0"]
[WhiteElo "2270"]
[BlackElo "2450"]

1.d4 Nf6 2.Nf3 e6 3.c4 c5 4.d5 exd5 5.cxd5 d6 6.Nc3 g6 7.Bf4 a6 8.e4 b5 9.Qe2 Be7
10.e5 dxe5 11.Bxe5 Nbd7 12.O-O-O Nxe5 13.Nxe5 Qd6 14.Nc6 Bb7 15.Re1 Bxc6
16.dxc6 Ra7 17.Qf3 O-O 18.g3 c4 19.Bg2 Qc5 20.Re2 Kg7 21.Nd5 Nxd5 22.Qxd5 Qb6
23.Rhe1 Bf6 24.Bh3 Qa5 25.Kb1 Raa8 26.Qc5 Qc7 27.Bd7 Rad8 28.Rd1 Ra8 29.h4 Rfd8
30.Rd6 h5 31.Qd5 c3 32.Rxf6  1-0

[Event "Manila ol (Women)"]
[Site "Manila"]
[Date "1992.??.??"]
[Round "?"]
[White "Santos, Isabel"]
[Black "Dahl, Ingrid"]
[Result "1/2-1/2"]
[WhiteElo "2030"]
[BlackElo "2125"]

1.d4 Nf6 2.Nf3 e6 3.c4 c5 4.d5 exd5 5.cxd5 d6 6.Nc3 g6 7.Bf4 a6 8.a4 Bg7
9.e3 O-O 10.Bd3 Nh5 11.Bg5 Qc7 12.O-O Nd7 13.Rc1 Rb8 14.Qc2 Nhf6 15.h3 c4
16.Ne2 b5 17.axb5 axb5 18.b3 Nxd5 19.bxc4 Nb4 20.Qd2 Nxd3 21.Qxd3 Nc5 22.cxb5 Qb6
23.Qd1 Ne4 24.Bf4 Qxb5 25.Ned4 Qb2 26.Qc2 Qxc2 27.Rxc2 Ba6 28.Rd1 Rbc8 29.Nc6 Rfe8
30.Bxd6 Nxd6 31.Rxd6 Bf8 32.Rd1 Bb5 33.Ncd4 Rxc2 34.Nxc2 Be2 35.Rd2 Bxf3
36.gxf3 Rc8 37.Kg2 Bg7 38.Nd4 Bxd4 39.exd4 Rd8 40.f4 Kg7 41.Kf3 Kf6 42.d5 Ke7
43.Ke4 Ra8 44.Rd4 Ra2 45.f3 Re2+ 46.Kd3 Rh2 47.Ra4 Kd6 48.Ke4 Re2+ 49.Kd3 Rh2
50.Kd4 Re2 51.Kd3 Rh2 52.Ke4  1/2-1/2

[Event "Manila ol (Men)"]
[Site "Manila"]
[Date "1992.??.??"]
[Round "?"]
[White "Fufuengmongkolkij, K."]
[Black "Berend, Fred"]
[Result "1-0"]
[WhiteElo "2205"]
[BlackElo "2275"]

1.d4 Nf6 2.c4 e6 3.Nf3 c5 4.d5 exd5 5.cxd5 d6 6.Nc3 g6 7.g3 Bg7 8.Bg2 O-O
9.O-O Na6 10.Nd2 Nc7 11.Nc4 Rb8 12.Bf4 Nfe8 13.Ne4 b6 14.Ncxd6 Nxd6 15.Nxd6 Ba6
16.Ne4 Bxb2 17.Rb1 Bg7 18.Qd2 Qd7 19.Rfd1 Rbd8 20.Bg5 f6 21.Bf4 Nb5 22.h4 Rfe8
23.Rbc1 Nd4 24.Re1 Qg4 25.f3 Qd7 26.e3 Ne6 27.Bd6 Nf8 28.Bxf8 Rxf8 29.Rcd1 Bb7
30.Nc3 f5 31.Kh2 b5 32.Qc2 a6 33.f4 Qf7 34.e4 fxe4 35.Nxe4 Rxd5 36.Ng5 Rxg5
37.hxg5 Bd4 38.Qb3 Bxg2 39.Kxg2 Kg7 40.Qxf7+ Kxf7 41.Re4 Ra8 42.Rde1 Ra7
43.g4 b4 44.Rh1 Kg7 45.f5 gxf5 46.gxf5 a5 47.Rh6 a4 48.f6+ Kf8 49.g6 Bxf6
50.Rf4 hxg6 51.Rxg6 Ke7  1-0

[Event "Manila ol (Men)"]
[Site "Manila"]
[Date "1992.??.??"]
[Round "?"]
[White "Sturua, Zurab"]
[Black "Hulak, Krunoslav"]
[Result "1-0"]
[WhiteElo "2545"]
[BlackElo "2515"]

1.d4 Nf6 2.Nf3 e6 3.c4 c5 4.d5 exd5 5.cxd5 d6 6.Nc3 g6 7.h3 Bg7 8.e4 O-O
9.Bd3 Bd7 10.Bf4 Re8 11.O-O c4 12.Bc2 Qc7 13.Re1 Na6 14.a3 Nc5 15.Qd2 b5
16.e5 dxe5 17.Bxe5 Qb6 18.Qd4 Na6 19.Qh4 Qd8 20.Rad1 Nc5 21.Qd4 Rc8 22.d6 Bc6
23.Bxf6 Rxe1+ 24.Nxe1 Ne6 25.Bxd8 Nxd4  1-0

[Event "Manila ol (Men)"]
[Site "Manila"]
[Date "1992.??.??"]
[Round "?"]
[White "Piket, Jeroen"]
[Black "Romanishin, Oleg M"]
[Result "0-1"]
[WhiteElo "2615"]
[BlackElo "2595"]

1.d4 Nf6 2.c4 e6 3.Nf3 c5 4.d5 d6 5.Nc3 exd5 6.cxd5 g6 7.e4 Bg7 8.h3 O-O
9.Bd3 a6 10.O-O Nbd7 11.Bf4 Qe7 12.a4 Nh5 13.Bh2 Bh6 14.Re1 f6 15.a5 Ne5
16.Na4 Bf4 17.Nb6 Rb8 18.Bf1 Bd7 19.b4 Bb5 20.Bxf4 Nxf4 21.bxc5 dxc5 22.g3 Bxf1
23.gxf4 Nxf3+ 24.Qxf3 Bb5 25.Rad1 Rbd8 26.Qg3 c4 27.e5 fxe5 28.fxe5 c3 29.Qxc3 Rf5
30.d6 Qh4 31.Qd4 Qxh3 32.Qd5+ Kh8 33.Qg2 Qh5 34.f4 Rxf4  0-1

[Event "Mar del Plata op"]
[Site "Mar del Plata"]
[Date "1992.??.??"]
[Round "9"]
[White "Del Rey, Diego"]
[Black "Rosito, Jorge"]
[Result "0-1"]
[WhiteElo "2270"]
[BlackElo "2345"]

1.d4 Nf6 2.Nf3 e6 3.c4 c5 4.d5 exd5 5.cxd5 d6 6.Nc3 g6 7.h3 a6 8.a4 Qe7 9.Bf4 Nbd7
10.e3 Bg7 11.Be2 O-O 12.O-O Nh5 13.Bh2 f5 14.Nd2 Nhf6 15.Nc4 Ne8 16.a5 Rb8
17.Na4 Ne5 18.Nab6 Nxc4 19.Nxc4 Bd7 20.Rb1 Bb5 21.Re1 Bxc4 22.Bxc4 b5 23.axb6 Rxb6
24.Qd3 Nc7 25.Re2 Nb5 26.Rbe1 Rfb8 27.e4 Nd4 28.exf5 Nxe2+ 29.Rxe2 Qf6 30.Re6 Qxb2
31.g4 Bd4 32.Bg3 Rb3 33.Re8+ Rxe8 34.Bxb3 gxf5 35.Kg2 f4 36.Bc2 Re7 37.Bxf4 Rf7
38.Bg3 Qb7 39.Qe4 Qe7 40.Qd3 a5 41.Qa6 Qf6 42.Bf5 Kg7 43.Qxa5 Be5 44.f4 Bc3
45.Qa6 Qd4 46.Qd3 Qxd3 47.Bxd3 Re7 48.Kf3 Bd4 49.Bf2 Bxf2 50.Kxf2 Ra7 51.h4 Ra2+
52.Ke3 c4 53.Bf5 Ra5 54.Kd4 Rc5 55.Bc2 Ra5 56.h5 Ra2 57.Kc3 Ra3+ 58.Kxc4 Rf3
59.Kb5 Rxf4 60.Bf5 Kf6 61.Kc6 Ke5 62.Be6 h6 63.Kd7 Rd4 64.Ke7 Rf4 65.Bf5  0-1

[Event "Massy op"]
[Site "Massy"]
[Date "1992.??.??"]
[Round "4"]
[White "Komarov, Dimitri"]
[Black "Baquero, Luis A"]
[Result "1-0"]
[WhiteElo "2460"]
[BlackElo "2360"]

1.d4 Nf6 2.Nf3 c5 3.d5 e6 4.c4 exd5 5.cxd5 d6 6.Nc3 g6 7.Bf4 Bg7 8.Qa4+ Bd7
9.Qb3 b5 10.Bxd6 Qb6 11.Be5 O-O 12.e3 c4 13.Qd1 b4 14.Nb1 Bb5 15.Nbd2 c3
16.bxc3 Nxd5 17.Bxg7 Nxe3 18.fxe3 Qxe3+ 19.Be2 Kxg7 20.c4 Ba4 21.Qxa4 Re8
22.O-O-O Qc3+ 23.Kb1 Rxe2 24.Rc1 Qd3+ 25.Qc2 Qxc2+ 26.Rxc2 Nc6 27.Nb3 Rae8
28.Nbd4 Nxd4 29.Nxd4 R2e4 30.Nf3 Rc8 31.c5 Rc6 32.Rhc1 f5 33.Rc4 Kf6 34.Nd4 Rc8
35.Rxb4 a5 36.Rb6+  1-0

[Event "Massy op"]
[Site "Massy"]
[Date "1992.??.??"]
[Round "5"]
[White "Baquero, Luis A"]
[Black "Derieux, Christian"]
[Result "0-1"]
[WhiteElo "2370"]
[BlackElo "2220"]

1.d4 Nf6 2.c4 c5 3.d5 e6 4.Nc3 exd5 5.cxd5 d6 6.Nf3 g6 7.g3 Bg7 8.Bg2 O-O
9.O-O Re8 10.Ne1 a6 11.a4 Nbd7 12.Nc2 Rb8 13.a5 b6 14.axb6 Qxb6 15.Ne3 Ne5
16.h3 c4 17.Kh2 Qc7 18.Ra4 Qc5 19.f4 Neg4+ 20.Nxg4 Bxg4 21.hxg4 Nxg4+ 22.Kh3 Nf2+
23.Rxf2 Qxf2 24.Rxc4 Bxc3 25.Rxc3 Rxe2 26.Qf1 Rbe8 27.Qxf2 Rxf2 28.g4 Ree2
29.Bf3 Rc2 30.Kg3 Rh2 31.Be3 Rxc3 32.bxc3 Rc2 33.Bd4 a5 34.Bd1 Rd2 35.Ba4 Ra2
36.Bc6 a4 37.c4 a3 38.c5 dxc5 39.Bxc5 Rd2 40.Bxa3 Rd3+ 41.Kh4 Rxa3 42.d6 Rd3
43.g5 Rxd6 44.Bf3 Kf8 45.Kg4 Ke7 46.Bb7 Rb6 47.Bd5 Rd6 48.Bb3 Rd3 49.Bc2 Rc3
50.Bb1 f5+ 51.gxf6+ Kxf6 52.Be4 h5+  0-1

[Event "Massy op"]
[Site "Massy"]
[Date "1992.??.??"]
[Round "6"]
[White "Komarov, Dimitri"]
[Black "Kovacevic, Slobodan"]
[Result "1/2-1/2"]
[WhiteElo "2455"]
[BlackElo "2395"]

1.d4 Nf6 2.c4 e6 3.Nc3 c5 4.d5 exd5 5.cxd5 d6 6.Nf3 g6 7.Bf4 a6 8.a4 Bg7
9.e4 Bg4 10.Be2 Bxf3 11.Bxf3 O-O 12.O-O Qe7 13.Re1 Nbd7 14.a5 Rab8 15.Ra4 Ne8
16.Bg4 Ne5 17.Bc1 b5 18.axb6 Rxb6  1/2-1/2

[Event "Massy op"]
[Site "Massy"]
[Date "1992.??.??"]
[Round "9"]
[White "Derieux, Christian"]
[Black "Kovacevic, Slobodan"]
[Result "0-1"]
[WhiteElo "2220"]
[BlackElo "2410"]

1.d4 Nf6 2.c4 e6 3.Nf3 c5 4.d5 exd5 5.cxd5 d6 6.Nc3 g6 7.g3 Bg7 8.Bg2 O-O
9.O-O a6 10.a4 Nbd7 11.Nd2 Nh5 12.Nce4 Ndf6 13.Nxf6+ Qxf6 14.Nc4 Rb8 15.a5 Bd7
16.Rb1 b5 17.axb6 Bb5 18.b3 Qe7 19.Bb2 Bxb2 20.Rxb2 Nf6 21.Re1 Nd7 22.b7 Rxb7
23.Na5 Rb6 24.e4 Qf6 25.Rd2 Qc3 26.Nc6 Bxc6 27.dxc6 Ne5 28.Re3 Qa5 29.c7 Rc6
30.f4 Ng4 31.Red3 c4 32.bxc4 Qb6+ 33.Rd4 Rxc4 34.h3 Ne3 35.Rxd6 Qc5 36.Qe2 Nf5+
37.Qf2 Rc1+ 38.Kh2 Qxf2 39.Rxf2 Nxd6 40.e5 Nb5 41.Bb7  0-1

[Event "Capablanca mem-B"]
[Site "Matanzas"]
[Date "1992.??.??"]
[Round "2"]
[White "Borges Mateos, Juan"]
[Black "Vera, Reynaldo"]
[Result "0-1"]
[WhiteElo "2430"]
[BlackElo "2495"]

1.d4 Nf6 2.c4 c5 3.d5 e6 4.Nc3 exd5 5.cxd5 d6 6.Nf3 g6 7.g3 Bg7 8.Bg2 O-O
9.O-O Na6 10.Nd2 Nc7 11.a4 b6 12.Nc4 Ba6 13.Qb3 Qd7 14.Bf4 Nh5 15.Bd2 f5
16.e4 f4 17.Bf3 fxg3 18.fxg3 Qh3 19.Be3 Nxg3 20.Bg2 Ne2+ 21.Nxe2 Bxc4 22.Bxh3 Bxb3
23.Nf4 Rae8 24.Ne6 Nxe6 25.Bxe6+ Kh8 26.Bf4 Bc4 27.Bxd6 Bd4+ 28.Kg2 Bxf1+
29.Rxf1 Rxf1 30.Kxf1 Bxb2 31.Ke2 Kg7 32.e5 c4 33.Ke3 a6 34.Ke4 b5 35.Bd7 Bxe5
36.Bxe8 Bxd6 37.axb5 a5 38.b6 Bxh2 39.Kd4 Bg1+ 40.Kxc4 Bxb6  0-1

[Event "Melitopol Cup (Women)"]
[Site "Melitopol"]
[Date "1992.??.??"]
[Round "2"]
[White "Son, Irina"]
[Black "Aljautdinova, Margarita"]
[Result "1/2-1/2"]
[WhiteElo "2205"]
[BlackElo "2110"]

1.d4 Nf6 2.Nf3 e6 3.c4 c5 4.d5 exd5 5.cxd5 d6 6.Nc3 g6 7.e4 Bg7 8.Be2 O-O
9.O-O Bg4 10.Nd2 Bxe2 11.Qxe2 Re8 12.f3 Na6 13.Nc4 Nc7 14.Ne3 Rb8 15.a4 b6
16.Rb1 a6 17.b4 Nh5 18.Qc2 cxb4 19.Rxb4 b5 20.axb5 axb5 21.Bd2 Na6 22.Rxb5 Rc8
23.Rc1 Nf4 24.Qd1 Nd3 25.Ra1 Nac5 26.Ra3 f5 27.Qf1 fxe4 28.Nxe4 Nxe4 29.fxe4 Nc5
30.Ra7 Rf8 31.Rxg7+ Kxg7 32.Qa1+ Kg8 33.Ng4 h5 34.Nf2 Qf6 35.Qxf6 Rxf6 36.g3 Ra8
37.Be3 Nd7 38.Bd4 Rf7 39.Rb2 Rc8 40.Ra2 Ne5 41.Bxe5 dxe5 42.Nd3 Kg7 43.Kg2 Rc3
44.Rd2 Re7 45.d6 Re6 46.Nxe5 Rc8 47.Rd5 Rd8 48.d7 Kf6 49.Nd3 Rxe4 50.Nc5 Re5
51.Rd6+ Ke7 52.Rc6 Rxc5  1/2-1/2

[Event "Mlada Boleslav op"]
[Site "Mlada Boleslav"]
[Date "1992.??.??"]
[Round "3"]
[White "Skomorokhin, Roman"]
[Black "Schunk, Thomas"]
[Result "1/2-1/2"]
[WhiteElo "2410"]
[BlackElo "2235"]

1.d4 Nf6 2.c4 c5 3.d5 e6 4.Nc3 exd5 5.cxd5 d6 6.Nf3 g6 7.Nd2 a6 8.a4 Bg7
9.Nc4 O-O 10.Bf4 Ne8 11.e3 g5 12.Bg3 f5 13.Qd2 Rf6 14.h4 Rh6 15.Rh2 gxh4
16.Bf4 Rg6 17.Be2 Bh6 18.a5 Bxf4 19.exf4 Nd7 20.Kf1 Ng7 21.Na4 Nf6 22.Nab6 Rb8
23.f3 Nfh5 24.Kf2 Bd7 25.Nxd7 Qxd7 26.Rxh4 Re8 27.Bd3 Qd8 28.Rh3 Qf6 29.Bc2 Qe7
30.Bd3 Qf6 31.Bc2 Qe7 32.Bd3  1/2-1/2

[Event "NLD-ch op"]
[Site "?"]
[Date "1992.??.??"]
[Round "5"]
[White "Chuchelov, Vladimir"]
[Black "Hendriks, Willy"]
[Result "1/2-1/2"]
[WhiteElo "2490"]
[BlackElo "2320"]

1.d4 Nf6 2.Nf3 e6 3.c4 c5 4.d5 exd5 5.cxd5 d6 6.Nc3 g6 7.e4 Bg7 8.Bd3 O-O
9.h3 b5 10.Nxb5 Re8 11.O-O Nxe4 12.Re1 a6 13.Na3 Nf6 14.Rxe8+ Nxe8 15.Nc4 Nd7
16.Bg5 Ndf6 17.Bc2 Bb7 18.Ne3 Nc7 19.Bb3 h6 20.Bh4 Bc8 21.Qc2 Nb5 22.Rd1 Bd7
23.Bg3 Rc8 24.Qd3 Nh5 25.Bh2 Qf6 26.Nc4 Nf4 27.Qe3 g5 28.Nb6 Re8 29.Nxd7 Qd8
30.Nde5 Bxe5 31.Bxf4 Bxf4 32.Qd3 Qf6 33.a4 Nd4 34.Nxd4 Qxd4 35.Qxd4 cxd4
36.g3 Be5 37.Bc4 a5 38.b3 Bf6 39.Kg2 Kg7 40.Kf3 Bd8 41.Rxd4 Bb6 42.Rd1 Bc5
43.Kg2 Re5 44.Rf1 f6 45.h4 gxh4 46.gxh4 f5 47.Kg3 Kf6 48.f3  1/2-1/2